Ekonomický vývoj ve vyspělých zemích.

Význam vývoja ekonomík vyspelých krajín pre svetové hospodárstvo a pre zapájanie postsocialistických krajín do svetových hospodárskych štruktúr. Analýza súčasných tendencií vývoja a s nimi súvisiace hospodárske politiky. Makroekonomický vývoj v krajinách OECD. Problémy vytvorenia Európskej menovej ú...

Descripción completa

Guardado en:
Detalles Bibliográficos
Autor principal: Czesaný, Slavoj
Formato: Capítulo de libro
Lenguaje:checo
Materias:
Etiquetas: Agregar Etiqueta
Sin Etiquetas, Sea el primero en etiquetar este registro!

MARC

LEADER 00000naa a2200000 4500
001 r010359
005 20220831090146.3
041 0 |a cze 
044 |a [CS] 
245 1 0 |a Ekonomický vývoj ve vyspělých zemích.  |c Slavoj Czesaný 
520 |a Význam vývoja ekonomík vyspelých krajín pre svetové hospodárstvo a pre zapájanie postsocialistických krajín do svetových hospodárskych štruktúr. Analýza súčasných tendencií vývoja a s nimi súvisiace hospodárske politiky. Makroekonomický vývoj v krajinách OECD. Problémy vytvorenia Európskej menovej únie. 
610 2 0 |a vývoj hospodársky 
610 2 0 |a politika hospodárska 
610 2 0 |a OECD 
610 2 0 |a únie menové 
610 2 0 |a hospodárstvo svetové 
610 2 0 |a EMA 
100 1 |a Czesaný, Slavoj